1630 1058 1068 1346 1364 1863 1651 1427 1462 1402 1782 1502 1322 1854 1282 1872 1276 1270 1370 1508 1582 1996 1135 1318 1008 1779 1540 1993 1745 1648 1985 1938 1450 1604 1825 1555 1482 1640 1973 1215 1678 1772 1275 1080 1610 1046 1247 1854 1192 1517 1570 1424 1623 1669 1021 1577 1879 1918 1112 1173 1726 1316 1204 1670 1628 1414 1260 1250 1903 1478 1804 1623 1404 1836 1538 1239 1229 1236 1725 1830 1094 1551 1082 1237 1720 1909 1771 1205 1071 1691 1050 1873 1485 1712 1015 1562 1786 1464 1914 BCNSPRNW ULIB Ver.6.0+V

เปลี่ยนเป็นภาษาไทย

Change to English
 แสดงรายละเอียดบรรณานุกรม
  กลับหน้าหลัก

Brief Record : Get Marc (ISO 2709) : E-mail record : QR code < ปิดหน้าต่าง
LEADER : 00000nam 2200000uu 4500
001    13399120130
003     ULIB
008    120904s2554||||th 000 0 tha d
020    ^a9789745069824 (ล.3)
060 04 ^aWY157^bศ496ก ล.3 2554
245 00 ^aการพยาบาลสูติศาสตร์ เล่ม 3 /^cศรีเกียรติ อนันต์สวัสดิ์,บรรณาธิการ
250    ^aพิมพ์ครั้งที่ 11
260    ^aนนทบุรี :^bโครงการสวัสดิการวิชาการ สถาบันพระบรมราชชนกกระทรวงสาธารณสุข,^c2554
300    ^a[13], 661 หน้า :^bภาพประกอบ ;^c26 ซม.
650  7 ^aการพยาบาลสูติศาสตร์
700 0  ^aศรีเกียรติ อนันต์สวัสดิ์,^eบรรณาธิการ
710 2  ^aกระทรวงสาธารณสุข
710 2  ^aสถาบันพระบรมราชชนก. ^bโครงการสวัสดิการวิชาการ
945    ^p300^l0^i19453
945    ^p300^l0^i19454
945    ^p300^l0^i19455
945    ^p300^l0^i19456
945    ^p300^l0^i19457
995    ^aกัณชพร
999 ^a ใช้งานได้ทุกระบบ
รายการนี้ยังไม่มีแท็ก
คุณยังไม่ได้ล็อกอิน คุณสามารถมีกิจกรรมร่วมกับเว็บไซต์ได้ แต่ต้องล็อกอินก่อน ::
  ล็อกอิน

รายการสื่อสารสนเทศ

ลำดับที่ ประเภท เลขเรียก/บาร์โค้ด สถานที่ สถานะ
1. วิทยาศาสตร์การแพทย์ และสุขภาพ
วิทยาศาสตร์การแพทย์ และสุขภาพ
สถานะ=หนังสือเก่า
WY157 ศ496ก ล.3 2554 ฉ.2 
  Barcode: 19454
ห้องสมุดวิทยาเขตนครสวรรค์
►ส่วนจัดเก็บหนังสือเก่า นว.
บนชั้น
  ขอยืม
2. วิทยาศาสตร์การแพทย์ และสุขภาพ
วิทยาศาสตร์การแพทย์ และสุขภาพ
สถานะ=หนังสือเก่า
WY157 ศ496ก ล.3 2554 ฉ.3 
  Barcode: 19455
ห้องสมุดวิทยาเขตนครสวรรค์
►ส่วนจัดเก็บหนังสือเก่า นว.
บนชั้น
  ขอยืม
3. วิทยาศาสตร์การแพทย์ และสุขภาพ
วิทยาศาสตร์การแพทย์ และสุขภาพ
สถานะ=หนังสือเก่า
WY157 ศ496ก ล.3 2554 ฉ.4 
  Barcode: 19456
ห้องสมุดวิทยาเขตนครสวรรค์
►ส่วนจัดเก็บหนังสือเก่า นว.
บนชั้น
  ขอยืม

รายการใกล้เคียง
    หัวเรื่อง [การพยาบาลสูติศาสตร์]

BibComment


ยังไม่เคยถูกคอมเมนท์

คอมเมนท์ทรัพยากรรายการนี้
  คอมเมนท์: การพยาบาลสูติศาส..


 Copyright 2026. Bcnsprnw @Library